[Event "Niederoesterreichische Landesliga 2014/2015"]
[Site "NOE"]
[Date "2014.11.09"]
[Round "3"]
[Board "2"]
[White "Winiwarter, Felix"]
[Black "Reinwald, Patrick"]
[Result "1/2-1/2"]
[WhiteElo "2162"]
[BlackElo "2153"]
[PlyCount "130"]
[EventDate "2014.10.05"]
[EventType "team"]
[EventRounds "11"]
[EventCountry "AUT"]
[WhiteTeam "SGM Voest Krems"]
[BlackTeam "SG Bisamberg/Korneuburg"]

1. d4 Nf6 2. c4 e6 3. Nc3 Bb4 4. e3 b6 5. Bd3 Bb7 6. f3 O-O 7. Nge2 c5 8. O-O
Nc6 9. d5 Ne5 10. e4 exd5 11. cxd5 Nxd3 12. Qxd3 Qc8 13. Bg5 Ne8 14. Qd2 f6 15.
Bf4 d6 16. a3 Ba5 17. Rab1 Bxc3 18. Nxc3 a5 19. a4 Qd7 20. Bg3 Ba6 21. Rfe1 Nc7
22. f4 b5 23. axb5 Nxb5 24. Nxb5 Qxb5 25. e5 fxe5 26. fxe5 dxe5 27. Bxe5 Rf5
28. Rbd1 Raf8 29. h3 c4 30. Bc3 Qc5+ 31. Qd4 Rxd5 32. Qxc5 Rxc5 33. Re7 Rg5 34.
Rdd7 Bc8 35. Rxg7+ Rxg7 36. Rxg7+ Kh8 37. Rc7+ Kg8 38. Rxc4 Be6 39. Rc5 a4 40.
Rg5+ Kf7 41. Rg7+ Ke8 42. Rxh7 Rg8 43. Ra7 Bd7 44. g4 Ke7 45. Kh2 Ke6 46. Kg3
Bc6 47. Ra6 Kd5 48. Ra5+ Kc4 49. Bf6 Ra8 50. Rxa8 Bxa8 51. Kf4 Kd5 52. h4 Ke6
53. Bc3 Bc6 54. h5 Bb5 55. Kg5 Be2 56. Kh4 Kf7 57. Kg5 Bd1 58. Kf4 Ke6 59. h6
Bc2 60. g5 Kf7 61. Ke5 Kg6 62. Bd2 Kf7 63. Kd6 Bb1 64. Kc5 Bc2 65. Kb4 Kg6
 1/2-1/2

[Event "Niederoesterreichische Landesliga 2014/2015"]
[Site "NOE"]
[Date "2014.11.09"]
[Round "3"]
[Board "3"]
[White "Sulzgruber, Robin"]
[Black "Woeber, Friedrich"]
[Result "1-0"]
[WhiteElo "1973"]
[BlackElo "2165"]
[PlyCount "65"]
[EventDate "2014.10.05"]
[EventType "team"]
[EventRounds "11"]
[EventCountry "AUT"]
[WhiteTeam "SG Bisamberg/Korneuburg"]
[BlackTeam "SGM Voest Krems"]

1. e4 c5 2. c3 Nf6 3. e5 Nd5 4. Nf3 Nc6 5. Bc4 Nb6 6. Bb3 d5 7. exd6 Qxd6 8.
Na3 a6 9. O-O Bf5 10. d4 cxd4 11. Nxd4 Nxd4 12. cxd4 e6 13. Qf3 Qd7 14. Nc2 Bd6
15. Ne3 Bg6 16. d5 e5 17. Bd2 O-O 18. Ba5 Qb5 19. Bxb6 Qxb6 20. Nc4 Qc7 21.
Nxd6 Qxd6 22. Rac1 Rac8 23. Rc3 Rc5 24. Rxc5 Qxc5 25. d6 b5 26. Rd1 e4 27. Qf4
Rd8 28. Rd5 Qb6 29. Qe5 Qa7 30. d7 f6 31. Rc5+ Kh8 32. Rc8 Qb6 33. Qe8+  1-0

[Event "Niederoesterreichische Landesliga 2014/2015"]
[Site "NOE"]
[Date "2014.11.09"]
[Round "3"]
[Board "4"]
[White "Hapala, Elisabeth"]
[Black "Albadri, Samer"]
[Result "1-0"]
[WhiteElo "2068"]
[BlackElo "2059"]
[PlyCount "99"]
[EventDate "2014.10.05"]
[EventType "team"]
[EventRounds "11"]
[EventCountry "AUT"]
[WhiteTeam "SGM Voest Krems"]
[BlackTeam "SG Bisamberg/Korneuburg"]

1. e4 e5 2. Nf3 Nc6 3. Bb5 a6 4. Ba4 Nf6 5. O-O Be7 6. Re1 b5 7. Bb3 d6 8. c3
O-O 9. h3 Na5 10. Bc2 c5 11. d4 Qc7 12. Nbd2 cxd4 13. cxd4 Nc6 14. Nb3 Bd7 15.
Be3 Nb4 16. Bb1 a5 17. a3 Nc6 18. Bd3 a4 19. Nbd2 Qb7 20. Qe2 exd4 21. Nxd4 Ne5
22. Bxb5 Bxb5 23. Qxb5 Qxb5 24. Nxb5 Rfb8 25. Nc3 Rxb2 26. Reb1 Rc2 27. Nd5
Nxd5 28. exd5 Bf6 29. Ne4 Be7 30. Rb7 Kf8 31. Rab1 h6 32. Rb8+ Rc8 33. Rxc8+
Rxc8 34. Rb4 Ra8 35. Nc3 Nd3 36. Rxa4 Rc8 37. Nb5 f5 38. Nd4 f4 39. Bd2 Nc5 40.
Rc4 Ra8 41. Bb4 g5 42. Nb5 Rb8 43. Nxd6 Nd3 44. Nf5 Bxb4 45. axb4 Nxb4 46. d6
Ke8 47. Rc7 Nd3 48. Ng7+ Kf8 49. Ne6+ Kg8 50. d7  1-0

[Event "Niederoesterreichische Landesliga 2014/2015"]
[Site "NOE"]
[Date "2014.11.09"]
[Round "3"]
[Board "1"]
[White "Sharashenidze, Akaki"]
[Black "Groetz, Harald"]
[Result "1-0"]
[WhiteElo "2304"]
[BlackElo "2312"]
[PlyCount "95"]
[EventDate "2014.10.05"]
[EventType "team"]
[EventRounds "11"]
[EventCountry "AUT"]
[WhiteTeam "SK Advisory Invest Baden 2"]
[BlackTeam "SV Stockerau 2"]

1. e4 c5 2. c3 Nf6 3. e5 Nd5 4. d4 cxd4 5. cxd4 e6 6. Nc3 Nxc3 7. bxc3 Qc7 8.
Bd2 d6 9. f4 b6 10. Nf3 Bb7 11. Bd3 g6 12. h4 h5 13. O-O d5 14. Ng5 Nc6 15. Qa4
Qd7 16. Qb5 Rd8 17. Rfb1 Be7 18. a4 Na5 19. Rf1 Nc4 20. Ra2 O-O 21. Qb1 Kg7 22.
Bc1 Bc6 23. g4 hxg4 24. h5 f5 25. exf6+ Rxf6 26. hxg6 Rh8 27. Rh2 Rxh2 28. Kxh2
Rf8 29. Nf7 Bf6 30. Rh1 Nd6 31. Ba3 Nxf7 32. Bxf8+ Kxf8 33. gxf7 Qxf7 34. Bg6
Qc7 35. Kg3 a5 36. Rh7 Bg7 37. Qc1 Kg8 38. Rh4 Qd6 39. Rxg4 Bxa4 40. Qh1 Qc7
41. Qh7+ Kf8 42. Bd3 Be8 43. Kg2 a4 44. f5 exf5 45. Bxf5 a3 46. Be6 a2 47. Qg8+
Ke7 48. Rxg7+  1-0

[Event "Niederoesterreichische Landesliga 2014/2015"]
[Site "NOE"]
[Date "2014.11.09"]
[Round "3"]
[Board "2"]
[White "Schmid, Thomas"]
[Black "Lendwai, Reinhard"]
[Result "0-1"]
[WhiteElo "2193"]
[BlackElo "2350"]
[PlyCount "106"]
[EventDate "2014.10.05"]
[EventType "team"]
[EventRounds "11"]
[EventCountry "AUT"]
[WhiteTeam "SV Stockerau 2"]
[BlackTeam "SK Advisory Invest Baden 2"]

1. e4 c5 2. Nf3 e6 3. b3 b6 4. Bb2 Bb7 5. Qe2 Nc6 6. d4 cxd4 7. Nxd4 Nf6 8.
Nxc6 Bxc6 9. Nd2 b5 10. a3 Be7 11. g3 O-O 12. Bg2 Qc8 13. O-O Qb7 14. Rfe1 Rac8
15. Rac1 Rfd8 16. Bf1 d6 17. h4 h6 18. Bh3 Nd7 19. f4 Bf6 20. Bxf6 Nxf6 21. g4
Qb6+ 22. Kh2 d5 23. e5 Ne4 24. Nxe4 dxe4 25. Qe3 Qxe3 26. Rxe3 Rd2+ 27. Kg3 Bd5
28. Bf1 a6 29. c4 bxc4 30. Bxc4 a5 31. Rec3 Bxc4 32. bxc4 Rc5 33. Re3 Rd4 34.
Rec3 g5 35. hxg5 hxg5 36. fxg5 Rxe5 37. Kf4 Rc5 38. Ke3 e5 39. R1c2 Kg7 40. Rd2
Rxd2 41. Kxd2 Kg6 42. Ke3 Kxg5 43. Kxe4 Kxg4 44. Rc1 f5+ 45. Ke3 Kg5 46. Kd3
Kf6 47. Rb1 Rc8 48. Rb6+ Kg5 49. Rb5 e4+ 50. Kd4 Rd8+ 51. Ke5 Re8+ 52. Kd4 e3
53. Rb1 e2  0-1

[Event "Niederoesterreichische Landesliga 2014/2015"]
[Site "NOE"]
[Date "2014.11.09"]
[Round "3"]
[Board "3"]
[White "Juenger, Heinz"]
[Black "Amberger, Dieter"]
[Result "1-0"]
[WhiteElo "2117"]
[BlackElo "2086"]
[PlyCount "59"]
[EventDate "2014.10.05"]
[EventType "team"]
[EventRounds "11"]
[EventCountry "AUT"]
[WhiteTeam "SK Advisory Invest Baden 2"]
[BlackTeam "SV Stockerau 2"]

1. d4 Nf6 2. c4 e6 3. g3 d5 4. Nf3 Be7 5. Bg2 O-O 6. O-O b6 7. cxd5 exd5 8. Nc3
Bb7 9. Bf4 c5 10. dxc5 bxc5 11. Ne5 Na6 12. Qb3 Rb8 13. Rfd1 c4 14. Nxc4 dxc4
15. Rxd8 cxb3 16. Rxb8 Rxb8 17. Bxb8 Bxg2 18. Bxa7 Bc6 19. axb3 Nb4 20. f3 Nd7
21. Rc1 f5 22. Kf1 Kf7 23. Bd4 g6 24. Na2 Bb5 25. Nxb4 Bxb4 26. Rc8 Bf8 27. Kf2
Ke6 28. e4 fxe4 29. fxe4 Ba6 30. Rc6+  1-0

[Event "Niederoesterreichische Landesliga 2014/2015"]
[Site "NOE"]
[Date "2014.11.09"]
[Round "3"]
[Board "4"]
[White "Batyte, Daiva"]
[Black "Rudolf, Herbert"]
[Result "1-0"]
[WhiteElo "2101"]
[BlackElo "2144"]
[PlyCount "53"]
[EventDate "2014.10.05"]
[EventType "team"]
[EventRounds "11"]
[EventCountry "AUT"]
[WhiteTeam "SV Stockerau 2"]
[BlackTeam "SK Advisory Invest Baden 2"]

1. c4 b6 2. b3 Bb7 3. Bb2 e6 4. Nf3 Nf6 5. e3 Be7 6. Be2 O-O 7. O-O d5 8. Nc3
c5 9. d4 dxc4 10. Bxc4 cxd4 11. Nxd4 Nc6 12. Nxc6 Bxc6 13. Qe2 Qc7 14. Nb5 Qb7
15. f3 Rad8 16. Nd4 Bd5 17. Ba6 Qa8 18. Rac1 Bc5 19. Kh1 e5 20. Nf5 Rfe8 21.
Bb5 Re6 22. e4 Nxe4 23. fxe4 Bxe4 24. Bc4 Rg6 25. Bxf7+ Kxf7 26. Nd6+ Kg8 27.
Nxe4  1-0

[Event "Niederoesterreichische Landesliga 2014/2015"]
[Site "NOE"]
[Date "2014.11.09"]
[Round "3"]
[Board "1"]
[White "Menezes, Christoph"]
[Black "Lovrinovic, Christian"]
[Result "1-0"]
[WhiteElo "2329"]
[BlackElo "2154"]
[PlyCount "79"]
[EventDate "2014.10.05"]
[EventType "team"]
[EventRounds "11"]
[EventCountry "AUT"]
[WhiteTeam "Schachklub Mostarrichi"]
[BlackTeam "KSV Boehlerwerk"]

1. d4 Nf6 2. c4 g6 3. Nc3 Bg7 4. e4 d6 5. Nf3 O-O 6. Be2 e5 7. O-O exd4 8. Nxd4
Nc6 9. Nc2 Re8 10. f3 Nh5 11. Be3 Be5 12. Nd5 Bxb2 13. Rb1 Bg7 14. Qd2 Ne7 15.
Bg5 f6 16. Be3 Nxd5 17. Qxd5+ Be6 18. Qxb7 f5 19. Nd4 Nf4 20. Bxf4 Bxd4+ 21.
Kh1 fxe4 22. fxe4 $11 Rb8 23. Qc6 Qd7 24. Qa6 Rb6 25. Qa3 Qc6 26. Qd3 Bg7 27.
Be3 Rxb1 28. Rxb1 a6 29. Bd4 Bf7 30. Bxg7 Kxg7 31. Qc3+ Re5 32. Bd3 Qc5 33. Rf1
Be6 34. Qd2 Qd4 35. Qf4 Bf5 36. exf5 Qxf4 37. Rxf4 g5 38. f6+ Kf7 39. Rf1 h5
40. Bg6+  1-0

[Event "Niederoesterreichische Landesliga 2014/2015"]
[Site "NOE"]
[Date "2014.11.09"]
[Round "3"]
[Board "2"]
[White "Heimberger, Reinhard"]
[Black "Knoll, Hermann"]
[Result "1/2-1/2"]
[WhiteElo "2266"]
[BlackElo "2307"]
[PlyCount "51"]
[EventDate "2014.10.05"]
[EventType "team"]
[EventRounds "11"]
[EventCountry "AUT"]
[WhiteTeam "KSV Boehlerwerk"]
[BlackTeam "Schachklub Mostarrichi"]

1. d4 Nf6 2. g3 g6 3. Bg2 Bg7 4. e4 d6 5. Ne2 O-O 6. O-O e5 7. h3 Nc6 8. Be3
exd4 9. Nxd4 Bd7 10. Nc3 Re8 11. Qd2 Nxd4 12. Bxd4 Bc6 13. Rae1 Nd7 14. Bxg7
Kxg7 15. f4 f6 16. g4 Nb6 17. Qd4 Kg8 18. h4 Qe7 19. Re3 Qe6 20. g5 Qc4 21. Rd3
Qxd4+ 22. Rxd4 Rf8 23. Bh3 Rae8 24. a4 a5 25. b3 Kg7 26. Bg2  1/2-1/2

[Event "Niederoesterreichische Landesliga 2014/2015"]
[Site "NOE"]
[Date "2014.11.09"]
[Round "3"]
[Board "3"]
[White "Ehs, Dominik"]
[Black "Danner, Lambert"]
[Result "1/2-1/2"]
[WhiteElo "2056"]
[BlackElo "2115"]
[PlyCount "51"]
[EventDate "2014.10.05"]
[EventType "team"]
[EventRounds "11"]
[EventCountry "AUT"]
[WhiteTeam "Schachklub Mostarrichi"]
[BlackTeam "KSV Boehlerwerk"]

1. e4 Nf6 2. e5 Nd5 3. d4 d6 4. Bc4 dxe5 5. dxe5 e6 6. Nf3 Nb6 7. Bd3 c5 8. Qe2
Qc7 9. c3 Nc6 10. O-O h6 11. Bf4 f5 12. h4 Bd7 13. Na3 a6 14. h5 Be7 15. Bg3
O-O 16. Rfe1 Be8 17. Nd2 Rd8 18. Nac4 Bxh5 19. Qxh5 Rxd3 20. Qg6 Nxc4 21. Qxe6+
Kh7 22. Nxc4 Nd8 23. Qb6 Qxb6 24. Nxb6 f4 25. Bh2 Nc6 26. Kf1  1/2-1/2

[Event "Niederoesterreichische Landesliga 2014/2015"]
[Site "NOE"]
[Date "2014.11.09"]
[Round "3"]
[Board "4"]
[White "Neumann, Christian"]
[Black "Steiner, Heinz"]
[Result "1/2-1/2"]
[WhiteElo "1991"]
[BlackElo "2108"]
[PlyCount "33"]
[EventDate "2014.10.05"]
[EventType "team"]
[EventRounds "11"]
[EventCountry "AUT"]
[WhiteTeam "KSV Boehlerwerk"]
[BlackTeam "Schachklub Mostarrichi"]

1. c4 c5 2. Nf3 Nc6 3. d4 cxd4 4. Nxd4 e5 5. Nb5 d6 6. g3 a6 7. N5c3 Be6 8. Nd5
Bxd5 9. cxd5 Nb8 10. e4 Nd7 11. Bg2 Be7 12. O-O Ngf6 13. a4 Nc5 14. Nc3 Qb6 15.
Ra3 O-O 16. Qe2 Rac8 17. Be3  1/2-1/2

[Event "Niederoesterreichische Landesliga 2014/2015"]
[Site "NOE"]
[Date "2014.11.09"]
[Round "3"]
[Board "1"]
[White "Wolfram, Bernd"]
[Black "Juhasz, Kristof"]
[Result "0-1"]
[WhiteElo "2228"]
[BlackElo "2356"]
[PlyCount "30"]
[EventDate "2014.10.05"]
[EventType "team"]
[EventRounds "11"]
[EventCountry "AUT"]
[WhiteTeam "SV Mistelbach"]
[BlackTeam "Sparkasse Bad Voeslau/Kottingbrunn"]

1. c4 e6 2. g3 d5 3. Bg2 dxc4 4. Nf3 Nf6 5. O-O a6 6. a4 Nc6 7. Na3 Bxa3 8.
Rxa3 e5 9. a5 O-O 10. Qa4 Be6 11. Ng5 Bd7 12. Qxc4 Nd4 13. Bxb7 Bb5 14. Qc5 Rb8
15. Bg2 Nd7  0-1

[Event "Niederoesterreichische Landesliga 2014/2015"]
[Site "NOE"]
[Date "2014.11.09"]
[Round "3"]
[Board "2"]
[White "Plachetka, Jan"]
[Black "Vrana, Frantisek"]
[Result "1-0"]
[WhiteElo "2362"]
[BlackElo "2249"]
[PlyCount "69"]
[EventDate "2014.10.05"]
[EventType "team"]
[EventRounds "11"]
[EventCountry "AUT"]
[WhiteTeam "Sparkasse Bad Voeslau/Kottingbrunn"]
[BlackTeam "SV Mistelbach"]

1. c4 c6 2. e4 e5 3. Nf3 d6 4. d4 Nd7 5. Nc3 Ngf6 6. Be2 Be7 7. O-O O-O 8. Re1
Re8 9. Qc2 Qc7 10. h3 b6 11. Be3 Bb7 12. Rac1 Bf8 13. d5 Rac8 14. Qb1 Qb8 15.
b4 Rc7 16. Nd2 Rec8 17. dxc6 Bxc6 18. Nd5 Bxd5 19. cxd5 b5 20. Nb3 a6 21. Na5
Rxc1 22. Rxc1 Rxc1+ 23. Bxc1 Qc7 24. Nc6 Nb6 25. Be3 Nfd7 26. Qc2 Kh8 27. Bd3
f5 28. f3 f4 29. Bf2 h6 30. Nxe5 Qxc2 31. Ng6+ Kg8 32. Bxc2 Kf7 33. Nxf4 Be7
34. Ne6 Bf6 35. Nc7  1-0

[Event "Niederoesterreichische Landesliga 2014/2015"]
[Site "NOE"]
[Date "2014.11.09"]
[Round "3"]
[Board "3"]
[White "Teuber, Andreas"]
[Black "Lampl, Gerald"]
[Result "1-0"]
[WhiteElo "2176"]
[BlackElo "2141"]
[PlyCount "53"]
[EventDate "2014.10.05"]
[EventType "team"]
[EventRounds "11"]
[EventCountry "AUT"]
[WhiteTeam "SV Mistelbach"]
[BlackTeam "Sparkasse Bad Voeslau/Kottingbrunn"]

1. d4 Nf6 2. c4 e6 3. g3 Bb4+ 4. Bd2 Be7 5. Nc3 c5 6. d5 exd5 7. cxd5 d6 8. Bg2
Nbd7 9. f4 O-O 10. e4 Rb8 11. Nf3 Re8 12. O-O Bf8 13. e5 dxe5 14. fxe5 Ng4 15.
e6 fxe6 16. dxe6 Nde5 17. Nxe5 Qd4+ 18. Kh1 Nxe5 19. Nb5 Qc4 20. Nc7 Rd8 21.
Rxf8+ Rxf8 22. e7 Be6 23. exf8=Q+ Rxf8 24. Nxe6 Rf2 25. Bc3 Nd3 26. Qb3 Qg4 27.
Nxc5+  1-0

[Event "Niederoesterreichische Landesliga 2014/2015"]
[Site "NOE"]
[Date "2014.11.09"]
[Round "3"]
[Board "4"]
[White "Juhasz, Armin"]
[Black "Hofmann, Thomas"]
[Result "0-1"]
[WhiteElo "2298"]
[BlackElo "2195"]
[PlyCount "104"]
[EventDate "2014.10.05"]
[EventType "team"]
[EventRounds "11"]
[EventCountry "AUT"]
[WhiteTeam "Sparkasse Bad Voeslau/Kottingbrunn"]
[BlackTeam "SV Mistelbach"]

1. d4 Nf6 2. c4 c5 3. d5 b5 4. cxb5 a6 5. bxa6 Bxa6 6. Nc3 g6 7. e4 Bxf1 8.
Kxf1 d6 9. Nf3 Bg7 10. g3 O-O 11. Kg2 Nbd7 12. Re1 Ng4 13. Nd2 Nge5 14. Qe2 Nb6
15. a4 c4 16. a5 f5 17. Rf1 f4 18. f3 Qc8 19. Ra2 Nbd7 20. Ra3 Qc5 21. Ra4 g5
22. gxf4 gxf4 23. Nxc4 Nxc4 24. Qxc4 Rxa5 25. Qxc5 Rxc5 26. Ra7 Bxc3 27. Rxd7
Be5 28. Kh1 Rc2 29. Ra7 Rfc8 30. Ra1 Kf7 31. Rg1 Rf2 32. Rg4 Rf1+ 33. Rg1 Rxf3
34. Ra3 Rf2 35. Rh3 Rcc2 36. Rxh7+ Ke8 37. Rd1 f3 38. Be3 Rxh2+ 39. Rxh2 Rxh2+
40. Kg1 Re2 41. Bd4 Bxd4+ 42. Rxd4 Rxb2 43. Rd3 Re2 44. Rxf3 Rxe4 45. Rf5 Re5
46. Rxe5 dxe5 47. Kf2 Kf7 48. Kf3 Kg6 49. Kg4 Kf6 50. Kg3 Kf5 51. Kf3 e4+ 52.
Ke3 Ke5  0-1

[Event "Niederoesterreichische Landesliga 2014/2015"]
[Site "NOE"]
[Date "2014.11.09"]
[Round "3"]
[Board "1"]
[White "Rumpl, Erwin"]
[Black "Buchnicek, Petr"]
[Result "1-0"]
[WhiteElo "2314"]
[BlackElo "2316"]
[PlyCount "81"]
[EventDate "2014.10.05"]
[EventType "team"]
[EventRounds "11"]
[EventCountry "AUT"]
[WhiteTeam "SV Amstetten"]
[BlackTeam "SK Zwettl 2"]

1. Nf3 d5 2. c4 c6 3. g3 Nf6 4. Bg2 Bg4 5. Ne5 Be6 6. cxd5 Bxd5 7. Nf3 c5 8.
Nc3 Bc6 9. O-O e6 10. Re1 b5 11. b3 Be7 12. d4 O-O 13. Bb2 Qb6 14. dxc5 Bxc5
15. e3 Rd8 16. Qe2 Nbd7 17. Red1 e5 18. Ng5 Bxg2 19. Kxg2 h6 20. Nge4 Nxe4 21.
Nxe4 Be7 22. Nc3 Qb7+ 23. Qf3 Qxf3+ 24. Kxf3 Rab8 25. Rac1 Bc5 26. Rd5 b4 27.
Na4 Bb6 28. Rcd1 Nf6 29. Rxd8+ Bxd8 30. Bxe5 Rc8 31. Nb2 Kf8 32. Nc4 Be7 33.
Bxf6 Bxf6 34. Rd7 Ra8 35. Na5 Ke8 36. Rb7 Bd8 37. Nc4 Be7 38. Na5 Bc5 39. Ke2
Bd6 40. Kd3 Rd8 41. Nc6  1-0

[Event "Niederoesterreichische Landesliga 2014/2015"]
[Site "NOE"]
[Date "2014.11.09"]
[Round "3"]
[Board "2"]
[White "Vykydal, Frantisek"]
[Black "Sandhoefner, Florian"]
[Result "1/2-1/2"]
[WhiteElo "2117"]
[BlackElo "2278"]
[PlyCount "81"]
[EventDate "2014.10.05"]
[EventType "team"]
[EventRounds "11"]
[EventCountry "AUT"]
[WhiteTeam "SK Zwettl 2"]
[BlackTeam "SV Amstetten"]

1. e4 c5 2. Nc3 e6 3. Nge2 a6 4. a4 Nc6 5. g3 Nf6 6. Bg2 d6 7. O-O Be7 8. d3
O-O 9. h3 Qc7 10. Be3 Rb8 11. Qd2 b5 12. axb5 axb5 13. f4 b4 14. Nd1 Bb7 15.
Nf2 Ra8 16. Rxa8 Rxa8 17. g4 Ra2 18. Rb1 d5 19. Qd1 d4 20. Bd2 e5 21. g5 Nd7
22. f5 Nb6 23. b3 Nd7 24. Ra1 Qa5 25. Rxa2 Qxa2 26. Ng4 Bf8 27. Ng3 Na7 28. Qc1
Nb5 29. Bf3 Na3 30. Bd1 Bd6 31. Nh5 Nb1 32. Be1 Nc3 33. Bf3 Qb1 34. Qxb1 Nxb1
35. Kf1 Bc6 36. Ke2 Nc3+ 37. Kd2 Bb7 38. Bg3 Nb5 39. Bh4 Na7 40. Bg3 Nc6 41. h4
 1/2-1/2

[Event "Niederoesterreichische Landesliga 2014/2015"]
[Site "NOE"]
[Date "2014.11.09"]
[Round "3"]
[Board "3"]
[White "Wadsack, Wolfgang"]
[Black "Zwettler, Martin"]
[Result "0-1"]
[WhiteElo "2141"]
[BlackElo "2206"]
[PlyCount "85"]
[EventDate "2014.10.05"]
[EventType "team"]
[EventRounds "11"]
[EventCountry "AUT"]
[WhiteTeam "SV Amstetten"]
[BlackTeam "SK Zwettl 2"]

1. e4 g6 2. d4 Bg7 3. Nc3 c5 $5 4. dxc5 (4. Nf3 cxd4 5. Nxd4 {
führt zu Sizilianischem beschleunigten Drachen!}) (4. d5 d6 {
führt zu Schmid Benoni}) 4... Bxc3+ 5. bxc3 Qa5 6. Qd3 $2 ({besser ist} 6. Qd4)
({oder} 6. Nf3 Qxc3+ 7. Bd2 Qxc5 8. Bd3 $44) 6... Nf6 7. Be3 Nc6 8. Ne2 (8. Rd1
$5) 8... b6 $1 {Diagramm [#]} 9. cxb6 $6 (9. f3 Ba6 10. Qd2 O-O 11. cxb6 axb6)
9... Ba6 10. Qd1 Nxe4 11. bxa7 O-O {
Weiß hat kaum einen Zug da nach f3 der Läufer auf e3 hängen würde} ({
auch sehr stark wäre} 11... d5 12. Rb1 O-O 13. Bb6 (13. Rb6 d4) 13... Bxe2) 12.
Rb1 (12. Qxd7 Nxc3 (12... Rfc8 13. Rd1 e6) 13. Bd2 (13. Qd2 Bxe2 14. Bxe2 Rfd8
15. Bd3) 13... Nb4 14. Bxc3 Nxc2+ 15. Kd1 Nb4 $13) 12... Bxe2 13. Bxe2 Nxc3 14.
Bd2 Nxd1 (14... Rxa7 {wäre auch gut gewesen}) 15. Bxa5 Nxf2 16. Kxf2 Nxa5 17.
Rhd1 Rxa7 18. Bb5 Rc8 19. Rb2 d6 20. Rd4 Nb7 21. a4 Nc5 22. Rdb4 d5 23. Ke3 e5
24. Ra2 (24. c3 Ne4 25. c4 Nc3 26. Kd3 d4) 24... d4+ 25. Kd2 Ne4+ 26. Kd3 Nc3
27. Ra3 Rc5 28. Rc4 (28. Bc4 Rca5) 28... Nxb5 29. Rxc5 Nxa3 30. a5 f6 31. g4 h6
32. h4 Kf7 33. g5 hxg5 34. hxg5 Nb1 35. Rc6 Rxa5 (35... fxg5 36. a6 Nc3 37. Rb6
Na4) 36. Rxf6+ Kg7 37. Rb6 Nc3 38. Rb7+ Kf8 39. Rb6 Kf7 40. Rf6+ Kg7 41. Rb6
Rd5 42. Rb7+ Kf8 43. Kc4  0-1

[Event "Niederoesterreichische Landesliga 2014/2015"]
[Site "NOE"]
[Date "2014.11.09"]
[Round "3"]
[Board "4"]
[White "Lipp, Alfred"]
[Black "Rechberger, Franz"]
[Result "1-0"]
[WhiteElo "2119"]
[BlackElo "2059"]
[PlyCount "79"]
[EventDate "2014.10.05"]
[EventType "team"]
[EventRounds "11"]
[EventCountry "AUT"]
[WhiteTeam "SK Zwettl 2"]
[BlackTeam "SV Amstetten"]

1. d4 Nf6 2. c4 e6 3. Nc3 Bb4 4. e3 d5 5. Qb3 c5 6. a3 Bxc3+ 7. bxc3 O-O 8. Nf3
Nc6 9. cxd5 Qxd5 10. c4 Qe4 11. Bd3 Qg4 12. O-O cxd4 13. h3 Qh5 14. exd4 e5 15.
dxe5 Nd7 16. Bc2 Ndxe5 17. Nxe5 Nxe5 18. f4 Nc6 19. Bb2 Qc5+ 20. Kh2 f6 21. Qd3
g6 22. Qd5+ Qxd5 23. cxd5 Ne7 24. Rfe1 Nf5 25. Rad1 Bd7 26. g4 Rac8 27. Bb3 Nd6
28. Re7 Rf7 29. Rde1 Kf8 30. Rxf7+ Kxf7 31. Kg3 f5 32. Re5 Ne4+ 33. Kh4 Nd2 34.
d6+ Nxb3 35. Re7+ Kf8 36. Rxd7 Rc2 37. Bg7+ Ke8 38. Rxb7 Nc5 39. Rc7 g5+ 40.
fxg5  1-0

[Event "Niederoesterreichische Landesliga 2014/2015"]
[Site "NOE"]
[Date "2014.11.23"]
[Round "4"]
[Board "1"]
[White "Zwettler, Martin"]
[Black "Hofmann, Thomas"]
[Result "1-0"]
[WhiteElo "2206"]
[BlackElo "2195"]
[PlyCount "67"]
[EventDate "2014.10.05"]
[EventType "team"]
[EventRounds "11"]
[EventCountry "AUT"]
[WhiteTeam "SK Zwettl 2"]
[BlackTeam "SV Mistelbach"]

1. c4 Nf6 2. g3 c5 3. Bg2 e6 4. Nf3 d5 5. O-O Nc6 6. b3 Be7 7. Bb2 d4 8. e3 e5
9. exd4 exd4 10. d3 O-O 11. Na3 h6 12. Nc2 Qb6 13. Rb1 a5 14. a3 Rd8 15. Re1
Bf8 16. Qd2 Bf5 17. Ba1 Bh7 18. h3 Rab8 19. Kh2 Rd7 20. Ne5 Nxe5 21. Rxe5 Qc7
22. Ree1 Bd6 23. b4 axb4 24. axb4 Nh5 25. bxc5 Bxg3+ 26. fxg3 Qxg3+ 27. Kh1 Nf4
28. c6 Rc7 29. Bxd4 Nxd3 30. Qe3 Qxe3 31. Rxe3 Nf2+ 32. Kg1 Bxc2 33. Rxb7 Nxh3+
34. Rxh3  1-0

[Event "Niederoesterreichische Landesliga 2014/2015"]
[Site "NOE"]
[Date "2014.11.23"]
[Round "4"]
[Board "3"]
[White "Lipp, Alfred"]
[Black "Teuber, Andreas"]
[Result "1/2-1/2"]
[WhiteElo "2119"]
[BlackElo "2176"]
[PlyCount "20"]
[EventDate "2014.10.05"]
[EventType "team"]
[EventRounds "11"]
[EventCountry "AUT"]
[WhiteTeam "SK Zwettl 2"]
[BlackTeam "SV Mistelbach"]

1. d4 d5 2. c4 dxc4 3. Nf3 Nf6 4. e3 e6 5. Bxc4 c5 6. O-O a6 7. Nc3 b5 8. Bd3
Bb7 9. a4 b4 10. Ne2 Nbd7  1/2-1/2

[Event "Niederoesterreichische Landesliga 2014/2015"]
[Site "NOE"]
[Date "2014.11.23"]
[Round "4"]
[Board "4"]
[White "Mayer, Josef"]
[Black "Janetschek, Karl"]
[Result "1-0"]
[WhiteElo "2084"]
[BlackElo "2226"]
[PlyCount "85"]
[EventDate "2014.10.05"]
[EventType "team"]
[EventRounds "11"]
[EventCountry "AUT"]
[WhiteTeam "SV Mistelbach"]
[BlackTeam "SK Zwettl 2"]

1. c4 e5 2. Nc3 Nf6 3. Nf3 Nc6 4. g3 d5 5. cxd5 Nxd5 6. Bg2 Nb6 7. O-O Be7 8.
d3 O-O 9. a3 Be6 10. Be3 Nd5 11. Nxd5 Bxd5 12. Rc1 a5 13. Qa4 Bd6 14. Qb5 Ne7
15. Bc5 a4 16. Bxd6 cxd6 17. e4 Ra5 18. Qb4 Nc6 19. Qd2 Be6 20. d4 Bg4 21. d5
Nb8 22. Ne1 Na6 23. Nd3 b6 24. Nb4 Nxb4 25. axb4 Ra8 26. Rc3 Bd7 27. Rfc1 Ra7
28. Qc2 g6 29. Rc7 Qb8 30. Rxa7 Qxa7 31. h4 Rc8 32. Qd2 a3 33. bxa3 Qxa3 34.
Rxc8+ Bxc8 35. h5 Kg7 36. h6+ Kf6 37. Qc2 Bg4 38. Qc7 Kg5 39. Qxd6 Qa1+ 40. Kh2
Kxh6 41. Qxb6 Kg7 42. Qc5 Qa3 43. d6  1-0

[Event "Niederoesterreichische Landesliga 2014/2015"]
[Site "NOE"]
[Date "2014.11.23"]
[Round "4"]
[Board "1"]
[White "Juhasz, Kristof"]
[Black "Menezes, Christoph"]
[Result "1-0"]
[WhiteElo "2356"]
[BlackElo "2329"]
[PlyCount "79"]
[EventDate "2014.10.05"]
[EventType "team"]
[EventRounds "11"]
[EventCountry "AUT"]
[WhiteTeam "Sparkasse Bad Voeslau/Kottingbrunn"]
[BlackTeam "Schachklub Mostarrichi"]

1. d4 Nf6 2. c4 e6 3. Nf3 d5 4. Nc3 Bb4 5. Qb3 c5 6. dxc5 Na6 7. a3 Bxc3+ 8.
Qxc3 Nxc5 9. cxd5 Nce4 10. Qd4 exd5 11. b4 O-O 12. Bb2 Re8 13. e3 Bg4 14. Bd3
Qc8 15. Ne5 Bf5 16. Be2 h6 17. Rc1 Qe6 18. O-O Rec8 19. f3 Nd6 20. Rfd1 Bc2 21.
Re1 Bh7 22. Rxc8+ Nxc8 23. Ng4 Ne8 24. Rc1 h5 25. Nf2 Ne7 26. Qe5 Qxe5 27. Bxe5
Rc8 28. Rxc8 Nxc8 29. Nd3 f6 30. Bb2 Nc7 31. Kf2 Kf7 32. a4 Nd6 33. b5 Nc4 34.
Bd4 a6 35. bxa6 bxa6 36. Nf4 Nd6 37. Nxh5 Bc2 38. a5 Nc4 39. Nf4 Bb3 40. Bb6
 1-0